Ingeniería industrial y administración (Record no. 3838)
[ view plain ]
| 000 -LEADER | |
|---|---|
| fixed length control field | 00881nam a22002297a 4500 |
| 005 - DATE AND TIME OF LATEST TRANSACTION | |
| control field | 20230522095402.0 |
| 008 - FIXED-LENGTH DATA ELEMENTS--GENERAL INFORMATION | |
| fixed length control field | 230522b mx |||||||| |||| 00| 0 spa d |
| 020 ## - INTERNATIONAL STANDARD BOOK NUMBER | |
| International Standard Book Number | 9682612160 |
| 050 04 - LIBRARY OF CONGRESS CALL NUMBER | |
| Classification number | T56 |
| Item number | H52 2000 |
| 050 04 - LIBRARY OF CONGRESS CALL NUMBER | |
| Classification number | T56.4 |
| Item number | H53 1999 |
| 100 1# - MAIN ENTRY--PERSONAL NAME | |
| Personal name | Hicks, Philip E. |
| 240 10 - UNIFORM TITLE | |
| Uniform title | Industrial engineering and management |
| Language of a work | Español. |
| 245 10 - TITLE STATEMENT | |
| Title | Ingeniería industrial y administración |
| Remainder of title | : una nueva perspectiva |
| Statement of responsibility, etc | / Philip E. Hicks ; traducción José Manuel Salazar Palacios ; revisión técnica José Pantoja Magaña. |
| 250 ## - EDITION STATEMENT | |
| Edition statement | 2a ed. |
| 260 ## - PUBLICATION, DISTRIBUTION, ETC. (IMPRINT) | |
| Place of publication, distribution, etc | México : |
| Name of publisher, distributor, etc | Compañía Editorial Continental, |
| Date of publication, distribution, etc | 1999. |
| 300 ## - PHYSICAL DESCRIPTION | |
| Extent | xiv, 479 p. : |
| Other physical details | il. ; |
| Dimensions | 25 cm. |
| 504 ## - BIBLIOGRAPHY, ETC. NOTE | |
| Bibliography, etc | Incluye bibliografia e indices. |
| 650 #7 - SUBJECT ADDED ENTRY--TOPICAL TERM | |
| Source of heading or term | lemb |
| Topical term or geographic name as entry element | Ingenieria industrial |
| 700 1# - ADDED ENTRY--PERSONAL NAME | |
| Personal name | Salazar Palacios, José Manuel, |
| Relator term | traductor |
| 700 1# - ADDED ENTRY--PERSONAL NAME | |
| Personal name | Pantoja Magaña, José, |
| Relator term | revisión |
| 942 ## - ADDED ENTRY ELEMENTS (KOHA) | |
| Source of classification or shelving scheme | Biblioteca del Cogreso de los Estados Unidos |
| Koha item type | Libro |
| Estado de pérdida | Fuente de clasificación | Estado del daño | No para préstamo | Ubicación permanente | Ubicación actual | Apartado o colección | Fecha de adquisición | Edición | Enumeración de Serie / Cronológica | Dependencia de educación superior (DES) | Área del conocimiento | Clasificación | Código de Barras | Date last seen | Número de copia | Tipo de recurso | Nota pública | Total Checkouts | Costo por reposición |
|---|---|---|---|---|---|---|---|---|---|---|---|---|---|---|---|---|---|---|---|
| Biblioteca del Cogreso de los Estados Unidos | Consulta | Biblioteca de la Facultad de Ingeniería Química | Biblioteca de la Facultad de Ingeniería Química | General | 11/11/2010 | 2a. ed. | BIQO000001458 | Ingeniería y Arquitectura | Ingeniería y Tecnología | T56 H52 2000 | BIQO000001458 | 18/10/2017 | C:1 | Libro | Solo para lectura | ||||
| Biblioteca del Cogreso de los Estados Unidos | Biblioteca de la Facultad de Ingeniería Química | Biblioteca de la Facultad de Ingeniería Química | General | 11/11/2010 | 2a. ed. | BIQO000001456 | Ingeniería y Arquitectura | Ingeniería y Tecnología | T56 H52 2000 | BIQO000001456 | 18/10/2017 | C:2 | Libro | Préstamo | |||||
| Biblioteca del Cogreso de los Estados Unidos | Biblioteca de la Facultad de Ingeniería Química | Biblioteca de la Facultad de Ingeniería Química | General | 11/11/2010 | 2a. ed. | BIQO000001455 | Ingeniería y Arquitectura | Ingeniería y Tecnología | T56 H52 2000 | BIQO000001455 | 18/10/2017 | C:3 | Libro | Préstamo | |||||
| Biblioteca del Cogreso de los Estados Unidos | Biblioteca de la Unidad de Ciencias Ingeniería y Humanidades | Biblioteca de la Unidad de Ciencias Ingeniería y Humanidades | General | 22/05/2023 | 2a ed. | Ingeniería y Tecnología | T56.4 H53 r2000 | BCU000022471 | 22/05/2023 | 1 | Libro | 1.00 | |||||||
| Biblioteca del Cogreso de los Estados Unidos | Biblioteca de la Unidad de Ciencias Ingeniería y Humanidades | Biblioteca de la Unidad de Ciencias Ingeniería y Humanidades | General | 22/05/2023 | 2a ed. | Ingeniería y Tecnología | T56.4 H53 r2000 | BCU000022472 | 22/05/2023 | 2 | Libro | 1.00 |